<?xml version="1.0" encoding="UTF-8"?>
<collection xmlns="http://www.loc.gov/MARC21/slim">
 <record>
  <leader>00982cam a2200253 7i4500</leader>
  <controlfield tag="001">0000054244</controlfield>
  <controlfield tag="005">20220203090000.0</controlfield>
  <controlfield tag="008">170411s2002       chi</controlfield>
  <datafield tag="020" ind1=" " ind2=" ">
   <subfield code="a">983410930x (pbk) </subfield>
  </datafield>
  <datafield tag="040" ind1=" " ind2=" ">
   <subfield code="a">TSAM</subfield>
  </datafield>
  <datafield tag="090" ind1="0" ind2="0">
   <subfield code="a">CB428 </subfield>
   <subfield code="b">KHI 2002</subfield>
  </datafield>
  <datafield tag="240" ind1="0" ind2="0">
   <subfield code="a">Yi ti duo yuan de wen ming jia zhi</subfield>
  </datafield>
  <datafield tag="245" ind1="1" ind2="0">
   <subfield code="a">Multi facets of civilisational values : </subfield>
   <subfield code="b">papers presented at the 21st International Conference of Civilisational Dialogue [</subfield>
   <subfield code="m">Mandarin]  </subfield>
   <subfield code="c">edited by Dr Soo Khin Wah.</subfield>
  </datafield>
  <datafield tag="264" ind1=" " ind2="1">
   <subfield code="a">Kuala Lumpur: </subfield>
   <subfield code="b">Soka Gakkai Malaysia (SGM), </subfield>
   <subfield code="c">2002.</subfield>
  </datafield>
  <datafield tag="300" ind1=" " ind2=" ">
   <subfield code="a">ix, 219 pages: </subfield>
   <subfield code="b">color illustrations; </subfield>
   <subfield code="c">23 cm.</subfield>
  </datafield>
  <datafield tag="336" ind1=" " ind2=" ">
   <subfield code="a">text</subfield>
   <subfield code="2">rdacontent</subfield>
  </datafield>
  <datafield tag="337" ind1=" " ind2=" ">
   <subfield code="a">unmediated</subfield>
   <subfield code="2">rdamedia</subfield>
  </datafield>
  <datafield tag="338" ind1=" " ind2=" ">
   <subfield code="a">volume</subfield>
   <subfield code="2">rdacarrier</subfield>
  </datafield>
  <datafield tag="500" ind1=" " ind2=" ">
   <subfield code="a">Includes index</subfield>
  </datafield>
  <datafield tag="650" ind1="1" ind2="0">
   <subfield code="a">Civilization -- </subfield>
   <subfield code="x">Philosophy -- </subfield>
   <subfield code="z">Seminar </subfield>
  </datafield>
  <datafield tag="650" ind1="1" ind2="0">
   <subfield code="a">International relations -- </subfield>
   <subfield code="x">Seminar </subfield>
  </datafield>
  <datafield tag="700" ind1="1" ind2="0">
   <subfield code="a">Soo Khin Wah </subfield>
  </datafield>
  <datafield tag="710" ind1="1" ind2="1">
   <subfield code="a">Dialogue Among Civilisations:Interpretation and Understanding-International Seminar </subfield>
  </datafield>
  <datafield tag="901" ind1=" " ind2=" ">
   <subfield code="u">http://www.sgm.org.my</subfield>
  </datafield>
 </record>
</collection>
